| Tag |
First Indicator |
Second Indicator |
Subfields |
| LEADER |
00000cam a2200000 a 4500 |
| 001 |
in00002139116 |
| 006 |
m e d # |
| 007 |
cr mn mmmmabba |
| 008 |
820422r1789 nhu s 000 0 eng d |
| 005 |
20260330200320.0 |
| 035 |
|
|
|z w038146
|
| 035 |
|
|
|a MAAR8204223602B
|
| 035 |
|
|
|9 mwa91-28274
|
| 035 |
|
|
|a 339411
|
| 035 |
|
|
|a aas03038146
|
| 040 |
|
|
|a MWA
|c MWA
|e bdrb
|d UtOrBLW
|
| 100 |
1 |
|
|a Leaming, Jeremiah,
|d 1717-1804.
|
| 245 |
1 |
0 |
|a Dissertations upon various subjects :
|b which may be well worth the attention of every Christian; and of real service to the sincere inquirer after true religion. /
|c By Jeremiah Leaming, A.M. Rector of Christ's Church, in Stratford, Connecticut. ; [One line of quotation].
|
| 264 |
|
3 |
|a [Portsmouth, N.H.] :
|b New-Haven, printed: Portsmouth, New-Hampshire: re-printed and sold by John Melcher,
|c M,DCC,LXXXIX. [1789]
|
| 300 |
|
|
|a iv, 1 unnumbered page, 6-68 pages ;
|c 21 cm. (quarto)
|
| 336 |
|
|
|a text
|b txt
|2 rdacontent
|
| 337 |
|
|
|a computer
|b c
|2 rdamedia
|
| 338 |
|
|
|a online resource
|b cr
|2 rdacarrier
|
| 510 |
4 |
|
|a Evans
|c 21918
|
| 510 |
4 |
|
|a Whittemore, C. New Hampshire,
|c 476
|
| 530 |
|
|
|a Microform version available in the Readex Early American Imprints series.
|
| 533 |
|
|
|a Electronic text and image data.
|b [Chester, Vt. :
|c Readex, a division of Newsbank, Inc.,
|d 2002-2004.
|e Includes files in TIFF, GIF and PDF formats with inclusion of keyword searchable text.
|f (Early American imprints. First series ; no. 21918).
|
| 500 |
|
|
|a Electronic resource.
|
| 650 |
|
0 |
|a Christianity.
|
| 752 |
|
|
|a United States
|b New Hampshire
|d Portsmouth.
|
| 830 |
|
0 |
|a Early American imprints.
|n Series I,
|p Evans (1639-1800) ;
|v no. 21918.
|
| 856 |
4 |
1 |
|u http://proxy.library.tamu.edu/login?url=https://opac.newsbank.com/select/evans/21918
|y Evans Digital Edition
|t 0
|
| 999 |
|
|
|a MARS
|
| 999 |
f |
f |
|s db8d6f3e-c7af-3f11-a7ae-ddc65f716938
|i 08792e97-c3ea-3c4c-b515-d0bf2178c1ab
|t 0
|
| 952 |
f |
f |
|a Texas A&M University
|b College Station
|c Electronic Resources
|s www_evans
|d Available Online
|t 0
|h No information provided
|
| 998 |
f |
f |
|t 0
|l Available Online
|